| 000 | 00425nam a22001457a 4500 | ||
|---|---|---|---|
| 999 |
_c12538 _d12538 |
||
| 008 | 210205b ||||| |||| 00| 0 eng d | ||
| 082 | 0 | 0 |
_a620.100246238 _bE532 |
| 100 |
_9934 _aEmbleton, William |
||
| 245 | 1 | 0 |
_aReed's Vol-II: Applied mechanics for engineers _cby William Embleton |
| 250 | _a2nd ed. | ||
| 260 |
_aLondon _bThomas Reed Publication Ltd. _c1970 |
||
| 300 | _a619p. | ||
| 650 | 0 | _aApplied Mechanics | |
| 942 | _cBK | ||